[Event "13. Sparkassen Open 2014 - Gruppe B"]
[Site "Forchheim"]
[Date "2014.10.03"]
[Round "1.25"]
[White "Kölbl, Jonathan"]
[Black "Bauer-Debor, T."]
[Result "1-0"]
[WhiteElo "1891"]
[BlackElo "1738"]
[PlyCount "98"]
[EventDate "2014.??.??"]
[WhiteTeam "SK Klosterlechfeld"]
[BlackTeam "SC-SF Stockstadt"]

1. e4 {[%emt 0:00:00]} e5 {[%emt 0:00:07]} 2. Nf3 Nf6 3. d3 Nc6 4. c3 Be7 5. h3
O-O 6. g4 b5 7. Nbd2 a5 8. Bg2 Ba6 9. Nf1 b4 10. c4 Bc5 11. Be3 Qe7 12. Ng3 g6
13. O-O Rab8 14. b3 Nd4 15. Bxd4 Bxd4 16. Nxd4 exd4 17. f4 Bb7 18. g5 Ne8 19.
h4 h5 20. f5 Qe5 21. Qf3 Ng7 22. f6 Ne6 23. Nxh5 Kh7 24. Nf4 Rh8 25. Bh3 Nxf4
26. Qxf4 d6 27. Qxe5 dxe5 28. Kg2 Bc8 29. Bxc8 Rbxc8 30. Kg3 a4 31. a3 Ra8 32.
axb4 axb3 33. Rab1 Ra3 34. Rb2 Rha8 35. Rfb1 Ra2 36. Rxb3 Rc2 37. R1b2 Ra2 38.
Rxa2 Rxa2 39. b5 Rc2 40. b6 cxb6 41. Rxb6 Rc3 42. Rb7 Rxd3+ 43. Kf2 Kg8 44.
Rb8+ Kh7 45. Rf8 Re3 46. Rxf7+ Kh8 47. c5 Rxe4 48. c6 d3 49. c7 Rd4 1-0

[Event "13. Sparkassen Open 2014 - Gruppe B"]
[Site "Forchheim"]
[Date "2014.10.03"]
[Round "1.26"]
[White "Wieczorek, Heinz"]
[Black "Novak, Josua"]
[Result "1-0"]
[WhiteElo "1825"]
[BlackElo "1937"]
[PlyCount "77"]
[EventDate "2014.??.??"]

1. e4 c5 2. Nf3 g6 3. d4 cxd4 4. Nxd4 Bg7 5. c4 Nc6 6. Nxc6 bxc6 7. Nc3 d6 8.
Qc2 Nf6 9. Be2 O-O 10. O-O Bb7 11. Be3 Qa5 12. Rad1 d5 13. e5 Nd7 14. f4 e6 15.
h4 f6 16. exf6 Nxf6 17. g4 dxc4 18. Bxc4 Nd5 19. Nxd5 cxd5 20. Bb3 Rac8 21. Qf2
a6 22. Rfe1 Rce8 23. Bb6 Qb5 24. Rc1 Rxf4 25. Qxf4 Qxb6+ 26. Kh2 Rf8 27. Qe3
Qd6+ 28. Kh3 Kh8 29. Rf1 d4 30. Qxe6 Qb4 31. Rxf8+ Qxf8 32. Qf7 Qxf7 33. Bxf7
Be5 34. Bc4 Kg7 35. Rf1 Bc6 36. Rf7+ Kh8 37. g5 Be4 38. Rf8+ Kg7 39. Rg8# 1-0

[Event "13. Sparkassen Open 2014 - Gruppe B"]
[Site "Forchheim"]
[Date "2014.10.03"]
[Round "1.27"]
[White "Rosenhain, Rachela"]
[Black "Braun, Kristin"]
[Result "1-0"]
[WhiteElo "1757"]
[BlackElo "1793"]
[PlyCount "97"]
[EventDate "2014.??.??"]
[WhiteTeam "Schachpinguine Berlin"]
[BlackTeam "SC Forchheim"]

1. e4 {[%emt 0:00:00]} d5 2. exd5 Nf6 3. d4 Nxd5 4. c4 Nf6 5. Nf3 g6 6. Nc3 Bg7
7. Be2 O-O 8. O-O e6 9. Bf4 Nc6 10. Qd2 Ng4 11. h3 Nf6 12. Rad1 a6 13. Bh6 Qe7
14. Bxg7 Kxg7 15. Qe3 Rd8 16. Ne5 Bd7 17. Nxc6 Bxc6 18. d5 Be8 19. Bf3 Rab8 20.
Rfe1 Bd7 21. Qf4 Qd6 22. Qg5 Qb4 23. c5 Qxb2 24. Ne2 Qxa2 25. Ra1 Qc2 26. Ng3
Qxc5 27. Qxf6+ Kxf6 28. Ne4+ Kg7 29. Nxc5 exd5 30. Bxd5 c6 31. Bb3 Kf8 32. Re3
Bc8 33. Rf3 f5 34. g4 Ke7 35. Re1+ Kd6 36. Rd3+ Kxc5 37. Rxd8 Kb6 38. Ree8 Kc7
39. gxf5 gxf5 40. Be6 Bxe6 41. Rxb8 c5 42. Rxe6 Kxb8 43. Re5 c4 44. Rxf5 b5 45.
Rf3 a5 46. Rf5 b4 47. Rxa5 b3 48. Rc5 b2 49. Rb5+ 1-0

[Event "13. Sparkassen Open 2014 - Gruppe B"]
[Site "Forchheim"]
[Date "2014.10.03"]
[Round "1.28"]
[White "Roser, Ludwig"]
[Black "Balhar, Michael"]
[Result "1-0"]
[WhiteElo "1837"]
[BlackElo "1725"]
[PlyCount "81"]
[EventDate "2014.??.??"]
[WhiteTeam "SK Rochade Augsburg"]
[BlackTeam "SC Erlangen"]

1. d4 {[%emt 0:00:00]} Nf6 2. Nf3 g6 3. Bf4 Bg7 4. e3 d6 5. Be2 O-O 6. O-O Nbd7
7. Nbd2 c5 8. c3 cxd4 9. exd4 Nh5 10. Be3 Nhf6 11. h3 Nd5 12. Bg5 h6 13. Bh4
Qb6 14. Qb3 Nf4 15. Bc4 g5 16. Bg3 Nh5 17. Bh2 Qc7 18. Rfe1 Nb6 19. Be2 Nf6 20.
Qc2 Be6 21. Ne4 Nxe4 22. Qxe4 Bd5 23. Qd3 Rae8 24. Nd2 e5 25. dxe5 dxe5 26. c4
Bc6 27. Qc2 Rd8 28. Rad1 Qe7 29. b3 e4 30. Bf3 f5 31. c5 Nd7 32. Bd6 Qe6 33.
Bxf8 Bxf8 34. Be2 Bxc5 35. a4 Qe7 36. Bc4+ Kg7 37. Nf1 Ne5 38. Rxd8 Qxd8 39.
Rd1 Qe7 40. Ne3 f4 41. Nf5+ 1-0

[Event "13. Sparkassen Open 2014 - Gruppe B"]
[Site "Forchheim"]
[Date "2014.10.03"]
[Round "1.29"]
[White "Volkovski, Reinhold"]
[Black "Gheng, Christian"]
[Result "1-0"]
[WhiteElo "1726"]
[BlackElo "1639"]
[PlyCount "67"]
[EventDate "2014.??.??"]
[WhiteTeam "TSV Rottendorf"]
[BlackTeam "Schach-Kids Bernhausen"]

1. e4 c5 2. Nf3 d6 3. Bc4 Nf6 4. d3 g6 5. h3 Bg7 6. O-O O-O 7. c3 a6 8. Be3 b5
9. Bb3 Bb7 10. Nbd2 Nbd7 11. Qe2 a5 12. a4 b4 13. Rab1 Nb6 14. Nc4 Nxc4 15.
Bxc4 Bc6 16. cxb4 axb4 17. b3 Nd7 18. Bf4 Nb6 19. Bg5 Nxc4 20. dxc4 h6 21. Bh4
g5 22. Bg3 Qd7 23. Rbd1 f5 24. exf5 Rxf5 25. Nh2 h5 26. Qxh5 Qb7 27. f3 Raf8
28. Rfe1 Be8 29. Qg4 Bd4+ 30. Bf2 Bxf2+ 31. Kxf2 Bc6 32. Kg1 e5 33. Rxd6 e4 34.
Rg6+ 1-0

[Event "13. Sparkassen Open 2014 - Gruppe B"]
[Site "Forchheim"]
[Date "2014.10.03"]
[Round "1.30"]
[White "Schulz, Horst"]
[Black "Schöne, Steffen"]
[Result "1/2-1/2"]
[WhiteElo "1728"]
[BlackElo "1723"]
[PlyCount "67"]
[EventDate "2014.??.??"]
[WhiteTeam "SC Höchstadt/Aisch"]
[BlackTeam "Zabo-Eintracht Nürnberg"]

1. d4 Nf6 2. e3 g6 3. c4 Bg7 4. Nf3 d6 5. Nc3 O-O 6. Bd3 Nbd7 7. O-O e5 8. d5
Re8 9. e4 a5 10. Bg5 Nc5 11. Bc2 h6 12. Be3 Ng4 13. Bxc5 dxc5 14. h3 Nf6 15.
Qe2 Re7 16. Rad1 Ne8 17. Nb5 Nd6 18. b3 Bd7 19. a4 Qc8 20. Nh2 g5 21. Qe3 b6
22. g4 Kh8 23. f3 Be8 24. Rf2 f6 25. Nf1 Bg6 26. Ng3 Qd7 27. Rh2 Nxb5 28. axb5
Bf8 29. Kg2 Rh7 30. Rdh1 Be7 31. h4 Kg7 32. h5 Be8 33. Rd1 Bd6 34. Nf5+ 1/2-1/2

[Event "13. Sparkassen Open 2014 - Gruppe B"]
[Site "Forchheim"]
[Date "2014.10.03"]
[Round "1.31"]
[White "Krasotin, Valentin"]
[Black "Rosenhain, Thomas"]
[Result "0-1"]
[WhiteElo "1656"]
[BlackElo "1621"]
[PlyCount "42"]
[EventDate "2014.??.??"]
[WhiteTeam "SW Nürnberg"]
[BlackTeam "Schachpinguine Berlin"]

1. e4 c5 2. Nf3 e6 3. d4 cxd4 4. Nxd4 Nc6 5. c4 Nf6 6. Nc3 a6 7. Be3 Bb4 8. f3
Qa5 9. Qd2 O-O 10. Nb3 Qc7 11. O-O-O Na5 12. Nxa5 Qxa5 13. g4 d5 14. g5 Nd7 15.
exd5 exd5 16. Bd4 dxc4 17. Bxc4 Ne5 18. Bxe5 Qxe5 19. Rhe1 Bxc3 20. Qxc3 Qf4+
21. Qe3 Qxc4+ 0-1

[Event "13. Sparkassen Open 2014 - Gruppe B"]
[Site "Forchheim"]
[Date "2014.10.03"]
[Round "1.32"]
[White "Semenova, Alisa"]
[Black "Huber, Lukas"]
[Result "0-1"]
[WhiteElo "1607"]
[BlackElo "1718"]
[PlyCount "50"]
[EventDate "2014.??.??"]
[WhiteTeam "SC Noris-Tarrasch Nürnberg"]
[BlackTeam "SC Tannhausen"]

1. e4 e6 2. d4 d5 3. exd5 exd5 4. Bd3 Bd6 5. Qf3 Ne7 6. Bf4 O-O 7. Ne2 Be6 8.
O-O Ng6 9. Bxd6 Qxd6 10. c3 Qb6 11. b3 Nd7 12. Nf4 c5 13. dxc5 Nxc5 14. Bc2 Qd6
15. Ne2 Ne5 16. Qf4 Bg4 17. Qd2 Bxe2 18. Qxe2 f5 19. Rd1 Ng4 20. g3 Qh6 21. f4
Rae8 22. Qd2 Qb6 23. Qd4 Nxh2 24. Nd2 Ng4 25. Qxd5+ Ne6+ 0-1

[Event "13. Sparkassen Open 2014 - Gruppe B"]
[Site "Forchheim"]
[Date "2014.10.03"]
[Round "1.33"]
[White "Reinfelder, Fabian"]
[Black "Weidenhöfer, Robert"]
[Result "1/2-1/2"]
[WhiteElo "1854"]
[BlackElo "1771"]
[PlyCount "82"]
[EventDate "2014.??.??"]
[WhiteTeam "SG Siemens Amberg"]
[BlackTeam "SW Nürnberg"]

1. b4 {[%emt 0:00:00]} b6 2. Bb2 Bb7 3. e3 e6 4. Nf3 Nf6 5. b5 c5 6. Be2 d5 7.
c4 dxc4 8. Bxc4 Be7 9. O-O O-O 10. a4 a6 11. d4 axb5 12. axb5 Nbd7 13. Nbd2 Ne4
14. Qb3 cxd4 15. Bxd4 Ndc5 16. Qb2 Bf6 17. Rxa8 Bxa8 18. Nxe4 Bxd4 19. Nxd4
Bxe4 20. Ra1 Qc7 21. Qa2 Qb7 22. f3 Ra8 23. Qxa8+ Qxa8 24. Rxa8+ Bxa8 25. Kf2
Kf8 26. e4 Ke8 27. Ke3 Na4 28. h4 g6 29. Kf4 h6 30. g4 Ke7 31. g5 h5 32. e5 Nc5
33. Ke3 Bb7 34. Be2 Bd5 35. Nc2 Kd7 36. f4 Bb7 37. Na3 Bd5 38. Bc4 Ke7 39. Kd4
Bb7 40. Nc2 Kd7 41. Nb4 Kc7 1/2-1/2

[Event "13. Sparkassen Open 2014 - Gruppe B"]
[Site "Forchheim"]
[Date "2014.10.03"]
[Round "1.34"]
[White "Tschammer, Kai"]
[Black "Jacob, Karl Heinz"]
[Result "1-0"]
[WhiteElo "1668"]
[BlackElo "1716"]
[PlyCount "71"]
[EventDate "2014.??.??"]
[WhiteTeam "SC Erlangen"]
[BlackTeam "SG Sonneberg"]

1. e4 {[%emt 0:00:00]} d5 2. exd5 Qxd5 3. Nc3 Qd6 4. Nf3 Bg4 5. Be2 Nf6 6. O-O
a6 7. d3 Nc6 8. Be3 O-O-O 9. a3 e6 10. b4 Nb8 11. Bc5 Qd7 12. Ne5 Bxe2 13. Qxe2
Qe8 14. Qf3 Nbd7 15. Nc4 Bxc5 16. Na5 c6 17. bxc5 Nxc5 18. Nc4 b5 19. Na5 Kc7
20. a4 b4 21. Na2 b3 22. cxb3 Rxd3 23. Qe2 Qd7 24. Nb4 Rd2 25. Nxa6+ Kb6 26.
Nc4+ Kxa6 27. Nxd2+ Kb7 28. b4 Nd3 29. b5 cxb5 30. axb5 Rd8 31. b6 Qd4 32. Nf3
Qg4 33. Ra7+ Kb8 34. Rd1 Rc8 35. Qxd3 Nd5 36. Qa6 1-0

[Event "13. Sparkassen Open 2014 - Gruppe B"]
[Site "Forchheim"]
[Date "2014.10.03"]
[Round "1.35"]
[White "Walch, Roger"]
[Black "Großner, Josef"]
[Result "0-1"]
[WhiteElo "1740"]
[BlackElo "1607"]
[PlyCount "58"]
[EventDate "2014.??.??"]
[WhiteTeam "SW Nürnberg"]
[BlackTeam "SF Fürth"]

1. e4 e6 2. d4 d5 3. Nd2 dxe4 4. Nxe4 Nd7 5. Nf3 Ngf6 6. Ng3 Bd6 7. Bd3 O-O 8.
O-O b6 9. Re1 Bb7 10. Ng5 h6 11. N5e4 Be7 12. c3 c5 13. Bc2 cxd4 14. cxd4 Nd5
15. a3 N7f6 16. Nc3 Qd7 17. Qd3 a5 18. Nh5 Ba6 19. Qh3 Nxh5 20. Nxd5 Qxd5 21.
Re5 Qxd4 22. Qxh5 Qh4 23. Qf3 Rac8 24. Rh5 Qc4 25. Bxh6 Qxc2 26. Be3 Be2 27.
Qh3 Bxh5 28. Qxh5 Qxb2 29. Re1 Bc5 0-1

[Event "13. Sparkassen Open 2014 - Gruppe B"]
[Site "Forchheim"]
[Date "2014.10.03"]
[Round "1.36"]
[White "Ott, Hans"]
[Black "Scheuerer, Werner"]
[Result "1-0"]
[WhiteElo "1597"]
[BlackElo "1936"]
[PlyCount "93"]
[EventDate "2014.??.??"]
[WhiteTeam "Zabo-Eintracht Nürnberg"]
[BlackTeam "SC Garching"]

1. e4 {[%emt 0:00:00]} c5 2. Nf3 e6 3. d4 cxd4 4. Nxd4 Nc6 5. Nc3 a6 6. Be3
Nge7 7. Be2 b5 8. a3 Nxd4 9. Bxd4 Nc6 10. Be3 Be7 11. O-O Bb7 12. f4 O-O 13.
Bf3 Na5 14. b3 Qc7 15. Ne2 Rac8 16. Ra2 Rfd8 17. Qd3 d5 18. e5 Bc5 19. Nd4 Nc6
20. c3 Ne7 21. Rc1 Bxd4 22. cxd4 Qd7 23. Rac2 Nf5 24. Bf2 Rxc2 25. Rxc2 Rc8 26.
Bd1 Ne7 27. Be1 Ng6 28. Rf2 Nf8 29. Bc2 Ra8 30. Bb4 g6 31. Qg3 a5 32. Bd6 f5
33. Qg5 Re8 34. Bd3 Bc6 35. Rc2 Rc8 36. Qh6 Qe8 37. Qxf8+ Qxf8 38. Bxf8 Kxf8
39. Bxb5 Bb7 40. Rxc8+ Bxc8 41. Kf2 Ke7 42. Ke3 h6 43. h4 Kf7 44. g3 Kg7 45.
Be8 Ba6 46. Kd2 Bc8 47. Kc3 1-0

[Event "13. Sparkassen Open 2014 - Gruppe B"]
[Site "Forchheim"]
[Date "2014.10.03"]
[Round "1.37"]
[White "Weber, Alexander"]
[Black "Delere, Adrian"]
[Result "1/2-1/2"]
[WhiteElo "1700"]
[BlackElo "1590"]
[PlyCount "92"]
[EventDate "2014.??.??"]
[WhiteTeam "SC Erlangen"]
[BlackTeam "SC Rochade Emsdetten"]

1. Nf3 {[%emt 0:00:00]} f5 2. c4 e6 3. b3 d5 4. Bb2 Nf6 5. Na3 Be7 6. Rc1 c6 7.
cxd5 exd5 8. g3 Qa5 9. b4 Qxb4 10. Qc2 O-O 11. Nb1 Na6 12. Ba3 Qe4 13. Qxe4
fxe4 14. Bxe7 Re8 15. Bxf6 exf3 16. Bd4 fxe2 17. Bg2 Nb4 18. Rc3 Bf5 19. d3
Nxd3+ 20. Rxd3 Bxd3 21. Nc3 Kh8 22. Kd2 Bc4 23. Re1 b6 24. f4 Rad8 25. a3 c5
26. Be5 d4 27. Nxe2 b5 28. Nc1 Re7 29. Bc6 a5 30. Nd3 Bxd3 31. Kxd3 b4 32. axb4
axb4 33. Kc4 d3 34. Kxc5 b3 35. Rb1 d2 36. Bf3 Rc8+ 37. Kd6 Rb7 38. Bb2 Rbc7
39. Ba3 Rc1 40. Rxb3 d1=Q+ 41. Bxd1 Rxd1+ 42. Ke6 h6 43. Rb7 Rd2 44. Bb2 Rg8
45. f5 Rxh2 46. f6 Rxb2 1/2-1/2

[Event "13. Sparkassen Open 2014 - Gruppe B"]
[Site "Forchheim"]
[Date "2014.10.03"]
[Round "1.38"]
[White "Früchtel, Thomas"]
[Black "Halfmann, Peter"]
[Result "1/2-1/2"]
[WhiteElo "1623"]
[BlackElo "1862"]
[PlyCount "64"]
[EventDate "2014.??.??"]
[WhiteTeam "WEITERSTAD"]
[BlackTeam "OSC Rheinhausen"]

1. e4 {[%emt 0:00:00]} c5 2. Nf3 d6 3. d4 cxd4 4. Nxd4 Nf6 5. Nc3 g6 6. Be2 Bg7
7. Be3 O-O 8. Qd2 Nc6 9. O-O-O Ng4 10. Bxg4 Bxg4 11. f3 Bd7 12. g4 Rc8 13. Nxc6
Rxc6 14. Ne2 Ra6 15. Kb1 Be6 16. b3 Qa5 17. Qxa5 Rxa5 18. Bd4 Rd8 19. Bxg7 Kxg7
20. Nd4 Rc5 21. Rd3 a5 22. Kb2 b5 23. c3 Bd7 24. Rc1 h5 25. h3 hxg4 26. hxg4
Rh8 27. Rd2 Rh3 28. Rf2 Rh8 29. Rfc2 Bc6 30. c4 b4 31. Rg2 Bd7 32. Ra1 Kf6
1/2-1/2

[Event "13. Sparkassen Open 2014 - Gruppe B"]
[Site "Forchheim"]
[Date "2014.10.03"]
[Round "1.39"]
[White "Paeslack, Luis"]
[Black "Schütz, Robert"]
[Result "1/2-1/2"]
[WhiteElo "1815"]
[BlackElo "1743"]
[PlyCount "89"]
[EventDate "2014.??.??"]
[WhiteTeam "SK Mainaschaff"]
[BlackTeam "SC Forchheim"]

1. e4 {[%emt 0:00:00]} e6 2. d4 d5 3. Nd2 c5 4. Ngf3 Nc6 5. Bb5 Bd7 6. Bxc6
Bxc6 7. e5 Be7 8. b3 Qb6 9. Bb2 Nh6 10. Nf1 O-O 11. Ne3 Bb5 12. dxc5 Bxc5 13.
Bd4 Rac8 14. c3 Nf5 15. Nxf5 exf5 16. b4 Bxd4 17. Qxd4 Qxd4 18. Nxd4 Bd7 19.
Rc1 Rc4 20. f4 Rcc8 21. Kd2 a6 22. g3 g6 23. Rhe1 Be6 24. h3 Kg7 25. Rf1 Bd7
26. Rfe1 Be6 27. Nb3 b6 28. Nd4 Kh6 29. Rg1 Kg7 30. g4 Kh8 31. gxf5 gxf5 32.
Rg5 Rg8 33. Rcg1 Rxg5 34. Rxg5 h6 35. Rg3 Kh7 36. h4 Rc7 37. h5 Bc8 38. Kd3 Rc4
39. Re3 Be6 40. Rg3 Bc8 41. Rg1 Bd7 42. Rb1 Rc8 43. Re1 Rg8 44. e6 fxe6 45. Re5
1/2-1/2

[Event "13. Sparkassen Open 2014 - Gruppe B"]
[Site "Forchheim"]
[Date "2014.10.03"]
[Round "1.40"]
[White "Diller, Andreas"]
[Black "Askri, Samir"]
[Result "1-0"]
[WhiteElo "1572"]
[BlackElo "1865"]
[PlyCount "79"]
[EventDate "2014.??.??"]
[WhiteTeam "SK Rothenburg"]
[BlackTeam "SG Siemens Amberg"]

1. e4 {[%emt 0:00:00]} e6 2. f4 d5 3. e5 c5 4. Nf3 Nc6 5. Be2 Nge7 6. O-O h5 7.
Nh4 Nd4 8. Nc3 Nec6 9. Nf3 Nf5 10. Ng5 g6 11. d3 Be7 12. b3 Qb6 13. Kh1 h4 14.
Bg4 Bxg5 15. fxg5 Nxe5 16. Bxf5 gxf5 17. Bf4 Ng6 18. Qe1 Kf8 19. h3 d4 20. Na4
Qc6 21. Be5 Rg8 22. Nb2 b5 23. Rf2 Bb7 24. Bf6 Nf4 25. Qd2 Nd5 26. a4 Rg6 27.
axb5 Qxb5 28. Ra5 Qc6 29. Nc4 Qc7 30. Be5 Qd8 31. Bd6+ Kg8 32. Bxc5 Rxg5 33.
Rxa7 Rxa7 34. Bxa7 Qf6 35. Bxd4 Qg6 36. Ne5 Qh5 37. Nd7 Bc6 38. Ne5 Bb7 39. Nf3
Rg3 40. Qa5 1-0

[Event "13. Sparkassen Open 2014 - Gruppe B"]
[Site "Forchheim"]
[Date "2014.10.03"]
[Round "1.42"]
[White "Flüchter, Markus"]
[Black "Hummel, Thomas"]
[Result "0-1"]
[WhiteElo "1674"]
[BlackElo "1871"]
[PlyCount "68"]
[EventDate "2014.??.??"]
[WhiteTeam "SV Soest"]
[BlackTeam "SK Neumarkt"]

1. e4 g6 2. d4 d6 3. Nf3 Bg7 4. Be2 Nf6 5. Nc3 Bg4 6. O-O O-O 7. Be3 c6 8. h3
Bxf3 9. Bxf3 Qc7 10. Qd2 Rd8 11. Rad1 Nbd7 12. Ne2 Nb6 13. b3 e5 14. c4 Rac8
15. d5 cxd5 16. cxd5 Nbd7 17. Rc1 Qb8 18. Qb4 b6 19. Nc3 Nc5 20. Be2 Ne8 21. f3
f5 22. g3 Rc7 23. Nb5 Rf7 24. Bf2 fxe4 25. fxe4 Nf6 26. Bxc5 bxc5 27. Qa4 Bh6
28. Rc3 Qb6 29. Qc4 a6 30. Na3 Qb4 31. Rcf3 Rdf8 32. Qxa6 Qxe4 33. Qd3 Qxd3 34.
Bxd3 e4 0-1

[Event "13. Sparkassen Open 2014 - Gruppe B"]
[Site "Forchheim"]
[Date "2014.10.03"]
[Round "1.43"]
[White "Pohl, Steffen"]
[Black "Krenz, Hartmut"]
[Result "0-1"]
[WhiteElo "1772"]
[BlackElo "1547"]
[PlyCount "105"]
[EventDate "2014.??.??"]
[WhiteTeam "SK Schwanstetten"]
[BlackTeam "VfB Schach Leipzig"]

1. e4 c5 2. d4 cxd4 3. c3 g6 4. Nf3 Bg7 5. cxd4 Nf6 6. Nc3 O-O 7. e5 Ne8 8. h4
h5 9. Bf4 d6 10. Qd2 dxe5 11. Bxe5 Nf6 12. O-O-O Nc6 13. Bf4 Nb4 14. d5 Bg4 15.
a3 Na6 16. Be2 Nc5 17. Qe3 Rc8 18. Kb1 Bf5+ 19. Ka2 Qb6 20. b4 Nce4 21. Nxe4
Nxe4 22. Qxb6 axb6 23. Bd2 Nxf2 24. Rhf1 Nxd1 25. Bxd1 Rfd8 26. Bb3 Bd3 27. Re1
Kf8 28. Be3 b5 29. Bc5 Rd7 30. Ng5 Bc4 31. Ne4 Rxd5 32. Bxe7+ Kg8 33. Bf6 Rc6
34. Bxg7 Kxg7 35. Kb2 Re6 36. Bc2 f5 37. Nc3 Rxe1 38. Nxd5 Bxd5 39. Kc3 Bc4 40.
a4 Re3+ 41. Kb2 bxa4 42. Bxa4 b5 43. Bd1 Kf6 44. Kc2 Rg3 45. Bf3 Ke5 46. Kd2 f4
47. Ke1 Kd4 48. Kd2 Bf1 49. Be2 Rxg2 50. Ke1 Bxe2 51. Kd2 Bc4+ 52. Ke1 f3 53.
Kd1 0-1

[Event "13. Sparkassen Open 2014 - Gruppe B"]
[Site "Forchheim"]
[Date "2014.10.03"]
[Round "1.44"]
[White "Pribyl, Viktor"]
[Black "Mantel, Ruben"]
[Result "0-1"]
[WhiteElo "1544"]
[BlackElo "1659"]
[PlyCount "90"]
[EventDate "2014.??.??"]
[BlackTeam "Zabo-Eintracht Nürnberg"]

1. d4 {[%emt 0:00:00]} d5 2. Bf4 c5 3. e3 Nc6 4. c3 Qb6 5. Qc2 cxd4 6. cxd4 e5
7. Bxe5 Bf5 8. Qd2 Bxb1 9. a3 Bg6 10. Nf3 Qa5 11. Qxa5 Nxa5 12. Bb5+ Nc6 13.
Rc1 Nge7 14. O-O a6 15. Ba4 b5 16. Bb3 Bd3 17. Rfe1 Bc4 18. Bxc4 bxc4 19. e4
Nxe5 20. Nxe5 f6 21. Ng4 Kd7 22. Ne3 g6 23. exd5 Bh6 24. Nxc4 Nxd5 25. Rcd1
Rac8 26. Ne3 Nxe3 27. fxe3 f5 28. e4 fxe4 29. Rxe4 Rhe8 30. Rde1 Rxe4 31. Rxe4
Re8 32. Rxe8 Kxe8 33. Kf2 Kd7 34. b3 Ke6 35. Ke2 Kd5 36. Kd3 Bg7 37. b4 Bxd4
38. a4 Be5 39. h3 g5 40. g4 h6 41. a5 Bg7 42. Ke3 Bc3 43. Kf3 Bxb4 44. Kg3 Bxa5
45. h4 Be1+ 0-1

[Event "13. Sparkassen Open 2014 - Gruppe B"]
[Site "Forchheim"]
[Date "2014.10.03"]
[Round "1.45"]
[White "Vinogradov, Anatoli"]
[Black "Goda, Frederic"]
[Result "1/2-1/2"]
[WhiteElo "1802"]
[BlackElo "1718"]
[PlyCount "144"]
[EventDate "2014.??.??"]
[WhiteTeam "SG Siemens Amberg"]
[BlackTeam "SC Weiße Dame Ulm"]

1. d4 {[%emt 0:00:00]} d5 2. c4 c6 3. Nf3 e6 4. e3 Nf6 5. Nc3 dxc4 6. Bxc4 Nbd7
7. O-O b5 8. Bd3 a6 9. Qe2 Bb7 10. a3 c5 11. Bd2 Be7 12. Rac1 O-O 13. a4 b4 14.
Na2 Ne4 15. Bxe4 Bxe4 16. b3 a5 17. Be1 Bd5 18. Nd2 cxd4 19. exd4 Bf6 20. Qd3
Qb6 21. Nf3 Qb7 22. Bd2 Be4 23. Qe3 Qd5 24. Rc4 Qf5 25. Rfc1 Nb6 26. Rc5 Nd5
27. Qe2 Qg6 28. Be3 Be7 29. Rb5 Bd3 30. Qd2 Bxb5 31. Ne5 Qe4 32. axb5 Nxe3 33.
fxe3 Bg5 34. Re1 Rfd8 35. b6 Bf6 36. Nc4 e5 37. Nc1 exd4 38. exd4 Bxd4+ 39. Kh1
Qb7 40. Qf4 Bf6 41. h3 h6 42. Ne2 Rd3 43. Kh2 Rxb3 44. Nd4 Rd8 45. Nxb3 a4 46.
Nba5 Qd5 47. b7 Qb5 48. Qc7 b3 49. Qxd8+ Bxd8 50. Re8+ Qxe8 51. b8=Q Kh7 52.
Qb4 Bc7+ 53. Kg1 Qe2 54. Qc3 b2 55. Nxb2 Be5 56. Qd3+ Qxd3 57. Nxd3 Bd4+ 58.
Kf1 a3 59. Nb3 a2 60. Ke2 a1=Q 61. Nxa1 Bxa1 62. Kf3 g5 63. Kg4 Kg6 64. h4 f5+
65. Kh3 Bd4 66. hxg5 hxg5 67. g4 f4 68. Ne1 Kf7 69. Kg2 Ke6 70. Kf3 Kd5 71. Nd3
Be3 72. Nb4+ Kc5 1/2-1/2

[Event "13. Sparkassen Open 2014 - Gruppe B"]
[Site "Forchheim"]
[Date "2014.10.03"]
[Round "1.46"]
[White "Krammer, Werner"]
[Black "Lober, Wolfgang"]
[Result "1-0"]
[WhiteElo "1529"]
[BlackElo "1711"]
[PlyCount "96"]
[EventDate "2014.??.??"]
[WhiteTeam "SK Kriegshaber"]
[BlackTeam "SGem Fürth"]

1. e4 {[%emt 0:00:00]} d5 2. exd5 Qxd5 3. Nc3 Qd8 4. d4 Nf6 5. Nf3 Bg4 6. Be2
c6 7. O-O e6 8. Bg5 Be7 9. h3 Bh5 10. Ne5 Bxe2 11. Nxe2 Nbd7 12. Nxd7 Qxd7 13.
c3 Qd5 14. Be3 g5 15. Qb3 O-O-O 16. c4 Qf5 17. Qa4 Bd6 18. Qxa7 Bb8 19. Qa4 h5
20. b4 Qe4 21. b5 c5 22. dxc5 Qe5 23. Rfd1 Qh2+ 24. Kf1 Qh1+ 25. Ng1 g4 26. c6
Rd6 27. Rxd6 Bxd6 28. cxb7+ Kd8 29. Qa8+ Ke7 30. Qxh8 gxh3 31. gxh3 Qxb7 32.
Qh6 Qe4 33. Rc1 Qd3+ 34. Ne2 Qf5 35. Qg5 Qxh3+ 36. Qg2 Qf5 37. c5 Be5 38. c6
Bb2 39. Rd1 Qc2 40. Re1 Ng4 41. Qf3 Be5 42. Bf4 Bxf4 43. Qxf4 Qd3 44. Qg3 Qxb5
45. Rc1 Qd5 46. c7 Qh1+ 47. Ng1 Nh2+ 48. Qxh2 Qxh2 1-0

[Event "13. Sparkassen Open 2014 - Gruppe B"]
[Site "Forchheim"]
[Date "2014.10.03"]
[Round "1.47"]
[White "Gheng, Dominik"]
[Black "Fritsch, Julian"]
[Result "1-0"]
[WhiteElo "1733"]
[BlackElo "1516"]
[PlyCount "30"]
[EventDate "2014.??.??"]

1. e4 d6 2. d4 g6 3. Nc3 Bg7 4. Be3 Nf6 5. f3 O-O 6. Qd2 e5 7. d5 a6 8. O-O-O
b5 9. g4 b4 10. Nb1 a5 11. h4 Ba6 12. h5 Bxf1 13. Rxf1 c5 14. Bh6 gxh5 15. gxh5
Ne8 {Notationsfehler. Sieg Weiss im 24. Zug.} 1-0

[Event "13. Sparkassen Open 2014 - Gruppe B"]
[Site "Forchheim"]
[Date "2014.10.03"]
[Round "1.48"]
[White "Lehmann, Tornalf"]
[Black "Hoffmann, Sebastian"]
[Result "1/2-1/2"]
[WhiteElo "1640"]
[BlackElo "1713"]
[PlyCount "60"]
[EventDate "2014.??.??"]
[WhiteTeam "SC Heilsbronn"]
[BlackTeam "SC Noris-Tarrasch Nürnberg"]

1. e4 e5 2. Bc4 Nf6 3. d4 exd4 4. Nf3 Nc6 5. O-O Nxe4 6. Nxd4 d5 7. Nxc6 bxc6
8. Bd3 Nc5 9. Re1+ Be6 10. Bf1 Bd6 11. Nd2 Qf6 12. Rb1 Rb8 13. b3 Kd7 14. Bb2
Qh6 15. g3 f5 16. Nf3 f4 17. Ne5+ Bxe5 18. Rxe5 fxg3 19. fxg3 Ne4 20. Rxe4 Rhf8
21. Bg2 Rf5 22. Rh4 Qe3+ 23. Kh1 Rf2 24. Bd4 Qd2 25. Bxf2 Qxf2 26. Rxh7 Kd6 27.
Rxg7 Rh8 28. Rg6 Kd7 29. Rg7+ Kc8 30. Rc1 Qf6 1/2-1/2

[Event "13. Sparkassen Open 2014 - Gruppe B"]
[Site "Forchheim"]
[Date "2014.10.03"]
[Round "1.49"]
[White "Reichel, Günther"]
[Black "Meth, Matthias"]
[Result "1/2-1/2"]
[WhiteElo "1742"]
[BlackElo "1504"]
[PlyCount "70"]
[EventDate "2014.??.??"]

1. b3 d5 2. e3 Bf5 3. Bb2 e6 4. Nf3 Be7 5. Bxg7 Bf6 6. Bxh8 Bxh8 7. d4 Nd7 8.
Bd3 Bg6 9. Nbd2 Ne7 10. Nh4 Bxd3 11. cxd3 Ng6 12. Nhf3 Qe7 13. Rc1 O-O-O 14. h4
Bf6 15. g3 Kb8 16. h5 Ngf8 17. Rc2 h6 18. Qc1 Rc8 19. a3 e5 20. O-O exd4 21.
exd4 Ne6 22. Re1 Qd6 23. Qb2 Qb6 24. Ne5 Ndf8 25. Ndf3 Bxe5 26. Rxe5 Qb5 27.
Qc3 Nh7 28. a4 Qd7 29. Qd2 f6 30. Re1 Nhg5 31. Nxg5 Nxg5 32. Qe3 Qg4 33. Kg2
Qh3+ 34. Kg1 Qxh5 35. Kg2 Qh3+ 1/2-1/2

[Event "13. Sparkassen Open 2014 - Gruppe B"]
[Site "Forchheim"]
[Date "2014.10.03"]
[Round "1.50"]
[White "Bauschke, Norman"]
[Black "Weißmann, Peter"]
[Result "1/2-1/2"]
[WhiteElo "1623"]
[BlackElo "1797"]
[PlyCount "46"]
[EventDate "2014.??.??"]
[WhiteTeam "SC Höchstadt/Aisch"]
[BlackTeam "SK Zirndorf"]

1. d4 {[%emt 0:00:00]} Nf6 2. c4 e6 3. Nc3 Bb4 4. Bg5 b6 5. Qc2 Bb7 6. e3 Bxc3+
7. Qxc3 d6 8. f3 Nbd7 9. b4 h6 10. Bh4 c5 11. a3 Qc7 12. Bd3 O-O 13. Ne2 a5 14.
bxa5 bxa5 15. O-O cxd4 16. exd4 Rfc8 17. Rab1 Ba6 18. Rfc1 Rab8 19. Rxb8 Rxb8
20. c5 Bxd3 21. Qxd3 dxc5 22. Bg3 e5 23. dxe5 Nxe5 1/2-1/2

[Event "13. Sparkassen Open 2014 - Gruppe B"]
[Site "Forchheim"]
[Date "2014.10.03"]
[Round "1.51"]
[White "Effenberg, Michael"]
[Black "Wagner, Leopold Franziskus"]
[Result "1-0"]
[WhiteElo "1653"]
[BlackElo "1681"]
[PlyCount "27"]
[EventDate "2014.??.??"]

1. d4 d5 2. c4 e6 3. Nc3 Nf6 4. e3 Be7 5. Nf3 O-O 6. Bd3 Re8 7. O-O b6 8. Ne5
Bb7 9. cxd5 Nxd5 10. Nxd5 Qxd5 11. Bxh7+ Kf8 12. e4 Qd8 13. Qh5 g6 14. Bh6# 1-0